000 00344nam a2200133Ia 4500
005 20260328104328.0
008 260328s9999||||xx |||||||||||||| ||und||
100 _aWilliams, Gareth
245 0 _aMaster Pieces, the Architecture of Chess /
_cGareth Williams
260 _bViking Studio
300 _a159 p.
650 _aHISTORIA
942 _cBK
999 _c11588
_d11588